[Event "Bad Woerishofen Seniors op 17th"]
[Site "Bad Woerishofen"]
[Date "2001.03.19"]
[Round "5"]
[White "Forth, Bernhard"]
[Black "Hartmann, Rudi"]
[Result "1-0"]
[WhiteElo "1895"]
[BlackElo "1740"]
[PlyCount "84"]
[EventDate "2001.03.??"]
[EventType "swiss"]
[EventRounds "9"]
[EventCountry "GER"]
[SourceTitle "EXT 2002"]
[Source "ChessBase"]
[SourceDate "2001.11.25"]
[SourceVersion "1"]
[SourceVersionDate "2001.11.25"]
[SourceQuality "1"]

1. e4 e5 2. Nf3 Nf6 3. d4 exd4 4. e5 Qe7 5. Be2 Qb4+ 6. c3 dxc3 7. bxc3 Qb6 8. exf6 Qxf6 9. 0-0 Bc5 10. Be3 Bxe3 11. fxe3 0-0 12. Qc2 d6 13. Nbd2 Qe7 14. e4 Nd7 15. Rae1 Ne5 16. Nxe5 dxe5 17. Kh1 Be6 18. Bc4 c6 19. Bxe6 Qxe6 20. Nf3 f6 21. Qb3 Qxb3 22. axb3 Rad8 23. Rd1 b5 24. b4 g5 25. g4 Kg7 26. Kg2 Kg6 27. h3 Kg7 28. Kf2 Kf7 29. Ke2 Ke7 30. Rd2 Rxd2+ 31. Nxd2 Rd8 32. Ra1 Rd7 33. Ra6 Rc7 34. Nb3 Kd7 35. Nc5+ Kd6 36. Ra1 Ke7 37. Rd1 Rc8 38. Kf3 Ke8 39. h4 h6 40. hxg5 hxg5 41. Rh1 Ke7 42. Rh7+ Kd6 1-0

[Event "Bad Woerishofen Seniors op 17th"]
[Site "Bad Woerishofen"]
[Date "2001.03.18"]
[Round "4"]
[White "Krasinski, Jerzy Roman"]
[Black "Forth, Bernhard"]
[Result "1-0"]
[WhiteElo "2200"]
[BlackElo "1895"]
[PlyCount "95"]
[EventDate "2001.03.??"]
[EventType "swiss"]
[EventRounds "9"]
[EventCountry "GER"]
[SourceTitle "EXT 2002"]
[Source "ChessBase"]
[SourceDate "2001.11.25"]
[SourceVersion "1"]
[SourceVersionDate "2001.11.25"]
[SourceQuality "1"]

1. d4 d5 2. Nc3 c6 3. g3 Bf5 4. Bg2 e6 5. Nf3 h6 6. 0-0 Nf6 7. Re1 Be7 8. Ne5 Nbd7 9. Nxd7 Qxd7 10. a3 0-0 11. Bf4 Bd6 12. Bxd6 Qxd6 13. Rc1 Rad8 14. e3 e5 15. dxe5 Qxe5 16. Qd4 Qxd4 17. exd4 Rfe8 18. Rxe8+ Rxe8 19. Kf1 Kf8 20. Nd1 Be4 21. f3 Bf5 22. Kf2 g6 23. Ne3 Bd7 24. c4 dxc4 25. Nxc4 Be6 26. Nd6 Rd8 27. Nxb7 Rxd4 28. Ke3 Rd7 29. Nc5 Rd6 30. Nxe6+ Rxe6+ 31. Kf2 Nd5 32. f4 Ne7 33. Rc5 Rd6 34. Ke2 Rd7 35. Be4 f5 36. Bf3 Rb7 37. b4 a6 38. Bxc6 Rc7 39. Bf3 Rxc5 40. bxc5 Ke8 41. Kd3 Kd7 42. Bb7 a5 43. Kc4 Kc7 44. Bg2 g5 45. fxg5 hxg5 46. Kb5 Ng6 47. Kxa5 f4 48. Kb5 1-0